| 000 | 01699cam a22003734a 4500 | ||
|---|---|---|---|
| 001 | 12734250 | ||
| 003 | OSt | ||
| 005 | 20180117085950.0 | ||
| 008 | 020409s2003 caua b 001 0 eng | ||
| 010 | _a 2002005465 | ||
| 020 | _a0761987738 (p) | ||
| 040 |
_aDLC _cDLC _dDLC |
||
| 042 | _apcc | ||
| 043 | _an-us--- | ||
| 050 | 0 | 0 |
_aHN90.M3 _bC76 2003 |
| 082 | 0 | 0 |
_a302.23 _221 |
| 100 | 1 | _aCroteau, David. | |
| 245 | 1 | 0 |
_aMedia society : _bindustries, images, and audiences / _cDavid Croteau, William Hoynes. |
| 250 | _a4th ed. | ||
| 260 |
_aThousand Oaks, Calif. : _bPine Forge Press, _c2003. |
||
| 300 |
_axx,395 p. : _bill. ; _c24 cm. |
||
| 504 | _aIncludes bibliographical references (p. 379-395) and index. | ||
| 650 | 0 |
_aMass media _xSocial aspects _zUnited States. |
|
| 650 | 0 |
_aMass media _xPolitical aspects _zUnited States. |
|
| 700 | 1 | _aHoynes, William. | |
| 856 | 4 | 2 |
_3Publisher description _uhttp://www.loc.gov/catdir/enhancements/fy0657/2002005465-d.html |
| 856 | 4 | 1 |
_3Table of contents only _uhttp://www.loc.gov/catdir/enhancements/fy0657/2002005465-t.html |
| 856 | 4 | 2 |
_3Contributor biographical information _uhttp://www.loc.gov/catdir/enhancements/fy0734/2002005465-b.html |
| 906 |
_a7 _bcbc _corignew _d1 _eecip _f20 _gy-gencatlg |
||
| 942 |
_2ddc _cBK |
||
| 999 |
_c2847 _d2847 |
||